Religion Ritual and Royalty (Record no. 19057)

MARC details
000 -LEADER
fixed length control field 00609nam a2200253 a 4500
020 ## - INTERNATIONAL STANDARD BOOK NUMBER
ISBN
082 00 - DEWEY DECIMAL CLASSIFICATION NUMBER
Classification number 294.54
Author Cutter SIN
100 ## - MAIN ENTRY--AUTHOR NAME
Author name Singhi, N K
245 ## - TITLE STATEMENT
Title Religion Ritual and Royalty
260 ## - PUBLICATION, DISTRIBUTION, ETC. (IMPRINT)
Place of publication London
Name of publisher Watts and Company
Year of publication 1999
300 ## - PHYSICAL DESCRIPTION
Number of Pages 317p
500 ## - GENERAL NOTE
General note includes index and biblioraphy
505 2# - FORMATTED CONTENTS NOTE
Formatted contents note Index
650 ## - SUBJECT ADDED ENTRY--TOPICAL TERM
Topical Term Hinduism-Rajasthan
650 ## - SUBJECT ADDED ENTRY--TOPICAL TERM
Topical Term Rajasthan-Oral History
942 ## - ADDED ENTRY ELEMENTS (KOHA)
Koha item type Books
700 1# -
-- Singhi, N K
Holdings
Collection code Home library Current library Date acquired Cost, normal purchase price Full call number Accession Number Koha item type
  Henry Martyn Institute Library Henry Martyn Institute Library 07/24/2007 595.00 294.54 SIN 11001142 Books
                   Copyright © 2026 | Henry Martyn Institute | Hyderabad | TS-500052 | INDIA | Implemented by hmi.edu.in
Hit-Count:

Powered by Koha